| 000 | 00810nam a2200265 a 4500 | ||
|---|---|---|---|
| 008 | 960412s1976 m yxo 0 slo c | ||
| 020 |
_a8070930764 _c21,50 Kčs |
||
| 040 |
_aSNK _bslo _cSNK _eAACR2 |
||
| 041 | 1 |
_aslo _ager |
|
| 044 |
_axo _cSK |
||
| 080 | _a787.61.087.51 | ||
| 100 | 1 |
_aSor, Fernando _d1778-1839 _4wam |
|
| 245 | 1 | 0 |
_aEtudy a prednesové skladby _hhudobnina _bgitara _cFernando Sor ; výber a revízia Jozef Zsapka |
| 246 | 1 | 0 | _aEtüden und Vortragsstücke |
| 246 | 1 | 1 | _aEtüden und Vortragsstücke |
| 250 | _a2. vyd. | ||
| 260 |
_aBratislava _bOpus _c1976 |
||
| 300 |
_a52 s. _c30x21 cm |
||
| 500 | _aSúbež. názov a text nem. | ||
| 500 | _a2500 výt. | ||
| 650 | 0 | 7 |
_ainštrumentálna tvorba _xetudy _xgitara _2SNK |
| 700 | 1 |
_aZsapka, Jozef _4adp |
|
| 924 | _agitara | ||
| 958 | _aHHU | ||
| 999 |
_c15188 _d15188 |
||